World Cup Group Stage Goalscorers 1930 - Statistics

General Stats
  • This quiz has been taken 2 times
  • The average score is 24 of 50
Answer Stats
Group Nation Score Player % Correct
2 Yugoslavia 1-0 Aleksandr Tirnanic
100%
1 Argentina 2-0 Adolfo Zumelzu
50%
1 Argentina 5-1 Adolfo Zumelzu
50%
3 Uruguay 1-0 Agustin Castro
50%
1 France 3-0 Andre Maschinot
50%
1 France 4-1 Andre Maschinot
50%
4 USA 1-0 Bart McGhee
50%
4 USA 3-0 Bert Patenaude
50%
4 USA 1-0 Bert Patenaude
50%
4 USA 2-0 Bert Patenaude
50%
4 USA 3-0 Bert Patenaude
50%
2 Yugoslavia 2-0 Blagoje Marjanovic
50%
1 Chile 1-0 Carlos Vidal
50%
1 Chile 3-0 Carlos Vidal
50%
3 Romania 2-1 Constantin Stanciu
50%
2 Yugoslavia 4-0 Dorde Vujadinovic
50%
1 Argentina 4-1 Francisco Varallo
50%
1 Argentina 1-0 Guillermo Stabile
50%
1 Argentina 3-0 Guillermo Stabile
50%
1 Argentina 6-3 Guillermo Stabile
50%
1 Argentina 1-0 Guillermo Stabile
50%
1 Argentina 2-0 Guillermo Stabile
50%
1 Chile 1-0 Guillermo Subiabre
50%
1 Chile 2-1 Guillermo Subiabre
50%
3 Uruguay 2-0 Hector Scarone
50%
2 Yugoslavia 2-0 Ivan Bek
50%
2 Yugoslavia 1-0 Ivan Bek
50%
2 Yugoslavia 3-0 Ivan Bek
50%
3 Uruguay 4-0 Jose Cea
50%
3 Uruguay 3-0 Juan Anselmo
50%
1 Mexico 3-1 Juan Carreno
50%
1 France 1-0 Lucien Laurent
50%
3 Peru 1-1 Luis de Souza
50%
1 Argentina 1-0 Luis Monti
50%
1 Mexico (OG) 2-0 Manuel Rosas
50%
1 Mexico 3-1 Manuel Rosas
50%
1 Mexico 5-2 Manuel Rosas
50%
1 France 2-0 Marcel Langiller
50%
1 Argentina 3-1 Marino Evaristo
50%
2 Brazil 1-0 Moderato
50%
2 Brazil 3-0 Moderato
50%
3 Uruguay 1-0 Pablo Dorado
50%
2 Brazil 2-1 Preguinho
50%
2 Brazil 2-0 Preguinho
50%
2 Brazil 4-0 Preguinho
50%
1 Mexico 5-3 Roberto Gayon
50%
3 Romania 1-0 Adalbert Desu
0%
4 Paraguay 1-0 Luis Vargas Pena
0%
3 Romania 3-1 Nicolae Kovacs
0%
4 USA 2-0 Thomas Florie
0%
No matching quizzes found
Score Distribution
Percent of People with Each Score
Percentile by Number Answered
Your Score History
You have not taken this quiz